00636nam a2200229 a 4500001001300000003000900013005001700022008004100039020001000080082001400090100001700104245006300121260002300184300000800207500003500215650001200250700001700262902000800279942000700287952009500294999001700389nice12345678IN_TiNIC20260116014236.0070312s2000 dela grd 000 0 hin  ac10000a306bRAZ3 aRaza, Gauhar aMaojooda Rajnetik Halat, Hindutva, Sangh Pariwar Ka Itihas aDelhibAnhadc2000 a00p aincludes index and biblioraphy aFiction1 aRaza, Gauhar bSRS cND 00104070aHMIbHMId2008-03-17g100.00l0o306 RAZ3p021419r2008-03-17w2026-01-16yVM c14478d14478